000 00602nam a2200205Ia 4500
005 20250508165717.0
008 008 250505s9999 xx 000 0 eng d
037 _aTextual
040 _aFEDL
_beng
_cFEDL
041 _aeng
_2eng
084 _a301.01, RAD
_qFEDL
100 _aRadhakrishnan R
245 0 _aBetween identity and location: The cultural politics of theory
260 _aNew Delhi, India
_bOrient Longman
_c2007
300 _axxv, 249p.
365 _aINR
_b395
546 _aGifted by Prof. Krishna kumar
942 _cTEXL
_h301.01, RAD
999 _c1396920
_d1396920